[Event "Tata Steel-A 80th"]
[Site "Wijk aan Zee"]
[Date "2018.01.15"]
[Round "3"]
[White "Anand, Viswanathan"]
[Black "Caruana, Fabiano"]
[Result "1-0"]
[WhiteElo "2767"]
[BlackElo "2811"]
[Annotator "Szabo,Kr"]
[PlyCount "83"]
[EventDate "2018.01.13"]
[EventType "tourn"]
[EventRounds "13"]
[EventCountry "NED"]
[EventCategory "20"]
[SourceTitle "CBM 183"]
[Source "ChessBase"]
[SourceDate "2018.03.14"]
[SourceVersion "1"]
[SourceVersionDate "2018.03.14"]
[SourceQuality "1"]

1. e4 e5 2. Nf3 Nf6 3. Nxe5 d6 4. Nf3 Nxe4 5. d4 d5 6. Bd3 Bd6 7. O-O O-O 8. c4
c6 9. Qc2 Na6 10. a3 Bg4 11. Ne5 Bf5 12. b4 Nc7 $146 {A novelty by Caruana.} (
12... f6 13. Nf3 Bg6 14. Nc3 (14. c5 $5) 14... Nxc3 15. Bxg6 hxg6 16. Qxc3 $11
{Leko-Ivanchuk, Monte Carlo blind rapid 2006, with a balanced position.}) 13.
f3 Bg6 {A nice solution to the pin.} 14. c5 (14. fxe4 $2 {does not work, as
there is} Bxe5 15. dxe5 dxe4 $17 {followed by ...Qd4.}) ({In the event of} 14.
Nxg6 fxg6 15. fxe4 dxe4 16. Rxf8+ (16. Bxe4 $2 {loses immediately, as} Bxh2+ $1
17. Kxh2 Rxf1 $19 {and Black is winning,}) ({or} 16. Be2 $2 Qh4 17. g3 (17. h3
Qg3 $19 {followed by ...Qh2 mate.}) 17... Bxg3 $1 18. hxg3 Qxg3+ 19. Kh1 Rxf1+
20. Bxf1 Qe1 $1 21. Kg1 Rf8 $19 {with a decisive attack.}) 16... Bxf8 $132 {
with a complicated position.}) 14... Bxe5 15. dxe5 Ng5 ({Still} 15... a5 $5 {
was also possible,} 16. Bb2 (16. fxe4 $2 {is bad again} dxe4 $17 {and Black is
better.}) 16... Ng5 {is transposing to the text move.}) 16. Bb2 d4 $2 {A
mistake, which allows White's subsequent attack on the kingside.} (16... Nge6
17. f4 Bxd3 18. Qxd3 {transposes to 16...Bxd3.}) (16... Bxd3 17. Qxd3 Nge6 18.
f4 g6 19. f5 gxf5 20. Rxf5 Qh4 21. Nd2 a5 22. Raf1 {and White's position looks
more tempting, however the engine isn't afraid of anything.}) ({Or even} 16...
a5 17. f4 Bxd3 18. Qxd3 Ne4 {was also possible and Black is not worse.}) 17. f4
$1 {White immediately starts his kingside play.} Nd5 {The only move, but White
is better here too.} 18. fxg5 Ne3 19. Qd2 Bxd3 20. Qxd3 Nxf1 21. Kxf1 Qxg5 22.
Nd2 $1 {White continues the development, doesn't think about the material.}
Qxe5 {Black gets some pawns, but the two pieces are stronger, than the rook.}
23. Nf3 ({The engine suggest} 23. Nc4 $1 {, but the human move is 23.Nf3 to
protect the h2-pawn.} Qxh2 24. Qxd4 f6 25. Nd6 $16 {and finally White has a
clear advantage.}) 23... Qh5 24. Qxd4 f6 25. Qc4+ Kh8 26. Bc1 $1 {After 24...
f6 the bishop is already useless on the a1-h8 diagonal. He prepares for Bf4-d6.
} Rfe8 27. Bf4 a5 28. Bd6 axb4 29. Qxb4 Qd5 (29... Qf7 {was more solid, however
} 30. Kf2 Ra7 31. a4 $16 {is also unpleasant for Black.}) 30. Qxb7 h6 (30...
Qd3+ $1 {was a better chance to win the a3-pawn,} 31. Kg1 Rxa3 32. Rxa3 Qxa3
33. h3 $1 {A great cool-blooded reply!} ({The greedy} 33. Qxc6 $2 {could have
been met by} Qc1+ 34. Kf2 Qc2+ $1 35. Kg3 Qg6+ $11 {with perpetual checks.})
33... Qe3+ 34. Kh2 Qe4 35. Qd7 Ra8 {and White should be better, but it is
still not clear how the knight can attack the c6-pawn.}) 31. Kg1 $1 {Now White
keeps the a3-pawn.} Ra4 32. h3 Rc4 33. Qb2 Qd3 34. Ra2 $1 {A nice reaction to
protect the 2nd rank.} Qd1+ 35. Kh2 Rc1 36. a4 {Black doesn't have any threat
on the first rank.} f5 (36... Qh1+ 37. Kg3 $18 {and the white king is safe.})
37. Qb7 f4 38. Bxf4 Rxc5 39. Rd2 Qxa4 40. Qf7 Rg8 41. Be5 Qc4 42. Rd6 $1 {
A smart finish to the game!} (42. Rd6 $1 Qc1 (42... Qxf7 43. Rxh6#) 43. Rd8 $1
$18 {and mate on g7!}) 1-0

[Event "Tata Steel-A 81st"]
[Site "Wijk aan Zee"]
[Date "2019.01.20"]
[Round "8"]
[White "Anand, Viswanathan"]
[Black "Mamedyarov, Shakhriyar"]
[Result "1-0"]
[WhiteElo "2773"]
[BlackElo "2817"]
[Annotator "Anand,V"]
[PlyCount "57"]
[EventDate "2019.01.12"]
[EventType "tourn"]
[EventRounds "13"]
[EventCountry "NED"]
[EventCategory "21"]
[SourceTitle "CBM 188"]
[Source "ChessBase"]
[SourceDate "2018.12.21"]
[SourceVersion "1"]
[SourceVersionDate "2018.12.21"]
[SourceQuality "1"]

1. e4 c6 {One of his favorite openings, so no surprise there.} 2. d4 d5 3. e5
c5 {This, however, is new from him, he has only played 3...Bf5 before.} 4. dxc5
e6 5. Nf3 Bxc5 6. a3 Ne7 7. Bd3 Ng6 8. O-O O-O 9. Nbd2 Nc6 10. b4 Bb6 11. Bxg6
(11. Bb2 Nf4 {transposes to my own game with Black against Vitiugov. I
remembered being quite comfortable in that game.}) (11. Re1 f6 {simpler to play
} (11... Ncxe5 12. Nxe5 Nxe5 13. Rxe5 Bd4 {Now White has several tries:} 14.
Rh5 (14. Nf3 Bxa1 {and now Bxh7+ doesnt work:} 15. c3 $1 (15. Bxh7+ Kxh7 16.
Ng5+ Kg6 $1 17. Qg4 f5) 15... Bxc3 16. Bxh7+ Kxh7 17. Ng5+ Kg6 18. Qd3+ {
The reason for c2-c3.} Kf6 19. Qxc3 Ke7 {and Black escapes, but this is all
inhuman.}) (14. Re3 Bxa1 15. Nb3 Bc3 (15... Bf6 16. Bxh7+ Kxh7 17. Qh5+ Kg8 18.
Rh3 Bh4 19. Rxh4 f6 20. Qh7+ Kf7 21. Rg4 Rg8 22. Bh6 $18 {wins.}) 16. Bxh7+
Kxh7 17. Qh5+ Kg8 18. Rxc3 e5 19. Rg3 Qf6 20. Bh6 g6 21. Bxf8 $11 {is about
equal.}) 14... g6 15. Rb1 gxh5 16. Bxh7+ (16. Qxh5 f5 17. Nf3 {and by clamping
down on e5, White should have enough compensation,} Bf6 18. Bf4 Rf7 19. Ne5 {
for instance} Rg7 {but White isn't better.}) 16... Kxh7 17. Qxh5+ Kg8 18. Nf3
$1 Bxf2+ {The best move, with the obvious stamp of the computer.} (18... Bf6 $2
19. Ng5 Bxg5 20. Bxg5 f6 21. Qg6+ Kh8 22. Rb3 e5 23. Qh5+ Kg8 24. Bh6 {wins,
due to Rg3+.}) 19. Kxf2 e5 {Now Black can go either ...Qf6 or ...Qb6+-g6 and
so defend,.} 20. Bb2 (20. Qxe5 Qb6+ 21. Be3 Qe6) 20... Qc7 (20... Qb6+ 21. Kf1
Qg6 22. Qxe5 f6 23. Qxd5+ Rf7 24. Re1 Bg4 {also works.}) 21. Qg5+ Kh7 22. Qh5+
Kg8 {is a draw.}) (11... Nf4 12. Nb3 {The point of Re1, White's bishop is well
placed on c1.}) 12. Bxg6 hxg6 13. Bb2 Nxe5 (13... fxe5 14. b5 e4 15. bxc6 exf3
16. Nxf3 bxc6 17. Be5 $1 c5 18. Bg3 {and Ne5 is good compensation.}) 14. Bxe5
fxe5 15. Rxe5 Qf6 16. Qe1) 11... fxg6 (11... hxg6 12. c4 (12. Nb3 a5) (12. Rb1
{A good suggestion by the engine.} g5 13. b5 Na5 14. Rb4 $1 {is a clever way
to exploit g5.}) (12. Bb2 g5 13. h3 f5) 12... Nxe5 13. Nxe5 Bd4 14. Nxg6 fxg6
15. Ra2) 12. Nb3 Bd7 {I was relieved to see this.} (12... a5 {Here this
bothered me a bit.} 13. b5 a4 $1 {The point.} 14. bxc6 axb3 15. c7 $1 {The
best way to return the pawn.} (15. cxb7 Bxb7 16. cxb3 d4) 15... Qxc7 16. cxb3
Bd7 17. Re1 $11 {White should be able to blockade on d4, but isn't really
better.}) 13. Re1 a5 $6 (13... Rf5 $1 14. c3 (14. b5 Na5 15. a4 (15. Nxa5 Bxa5
16. Bd2 Rc8 17. Bxa5 (17. a4 Rc4) 17... Qxa5 18. a4 Rf4) 15... Nc4) 14... g5
15. Nbd4 Bxd4 16. Nxd4) 14. b5 Ne7 (14... a4 {doesn't work now...} 15. bxc6
axb3 16. cxd7) 15. a4 {Here I started to like my position, since my pawns on
b5 and a4 restrict the Bd7 and I will be able to occupy d4.} Rc8 16. Be3 Bxe3
17. Rxe3 {My optimism notwithstanding, Black is extremely solid here.} Nf5 ({
Both} 17... g5 18. h3 b6 (18... h6) 19. Rd3 h6 {- it's hard for White to make
progress.}) ({and} 17... Rf4 18. Qd2 (18. Nfd4 {White isn't in time with this.}
Nf5 $1 19. Rd3 Nxd4 20. Nxd4 Re4) 18... Rb4 $1 {are fine for Black.} (18... b6
19. Nfd4)) 18. Rd3 g5 $2 {A natural move, but an error.} (18... Rf7 19. Nfd2 $5
Qc7 20. c4 dxc4 21. Rc3 Qxe5 22. Rxc4) (18... Nh4 $1 19. Nxh4 Qxh4 20. Qd2 b6)
19. h3 {[%cal Gd1d2,Gd2g5,Gd2a5] Threatening a fork with Qd2.} b6 (19... Qc7
20. c4 Qxc4 21. Nxa5 {is a good swap of pawns for White.}) 20. c4 $1 {The
point.} Rxc4 21. Rxd5 Rf7 22. Rd3 g4 23. Nfd2 {Now its over.} Rb4 24. hxg4 Ne7
25. Nf3 (25. Nc4 Ng6 26. Nbd2 {is even stronger.}) 25... Nd5 26. Nbd4 {Shak
blunders immediately, but the position is won anyway.} Rf4 $2 27. Nc2 $1 Rbe4 (
27... Rxa4 28. Rxa4 Rxa4 29. Rxd5 exd5 30. Qxd5+ Kf8 31. e6 $18) 28. Rxd5 exd5
29. Qxd5+ {Followed by Rd1 collecting the Bd7.} 1-0

[Event "Gashimov Memorial 6th"]
[Site "Shamkir"]
[Date "2019.04.02"]
[Round "3"]
[White "Anand, Viswanathan"]
[Black "Mamedyarov, Shakhriyar"]
[Result "1-0"]
[WhiteElo "2779"]
[BlackElo "2790"]
[Annotator "Anand,V"]
[PlyCount "125"]
[EventDate "2019.03.31"]
[EventType "tourn"]
[EventRounds "9"]
[EventCountry "AZE"]
[EventCategory "22"]
[SourceTitle "CBM 190"]
[Source "ChessBase"]
[SourceDate "2019.06.30"]
[SourceVersion "1"]
[SourceVersionDate "2019.06.30"]
[SourceQuality "1"]

1. e4 {The tournament hadn't begun very well for me, I blundered and drew a
winning position against Navara in the first round and followed up by losing a
comfortable position against Magnus in the 2nd. I tried to compose myself for
the remaining games.} e5 2. Nf3 Nc6 3. Bc4 Bc5 4. O-O Nf6 5. d3 d6 6. c3 a6 7.
a4 Ba7 8. Na3 Ne7 9. Nc2 Ng6 10. Be3 Bxe3 11. Nxe3 O-O 12. Qc2 (12. a5 c6 13.
Bb3 Re8) 12... c6 (12... a5 {is met by} 13. d4) 13. a5 {My idea, but it didn't
really work out in this game.} d5 (13... Re8 {is also playable.}) 14. Bb3 Be6
15. exd5 cxd5 16. d4 e4 17. Ne5 {My reason for delaying Re1, now the rook
supports f4.} ({Better was} 17. Ng5 Qd6 $1 18. Nxe6 fxe6 19. f3) 17... Qd6 18.
f4 exf3 19. Nxf3 (19. Nxg6 hxg6 20. Rxf3) 19... Rae8 {Here I started to really
dislike my position. It's hard for White to rearrange his pieces, every queen
move is met by Ne4 or Nf4, whereas Black is simply going to double on the
e-file.} 20. Rfe1 (20. Rae1 Qc7 21. Ra1 Re7) (20. Ne1 Bd7 21. Qd2 ({not} 21.
Qf2 Bb5 $1) 21... Re6 22. N1c2 Rfe8) 20... Bd7 21. g3 {Creating extra space
for the queen.} (21. Qf2 Re7 (21... Ne4 22. Qc2 Bc6 {I had seen this idea, but
was reluctant to play c4 now.} 23. c4 $1 (23. Ng4 {This was also playable.} Re6
(23... Re7 24. Qc1 Rfe8 25. Nge5 Nxe5 26. Nxe5 Nc5) 24. Rad1 Qc7 25. Nfe5)
23... dxc4 (23... Nf6 24. Qd2 dxc4 25. Nxc4 Qd8 26. Nce5 {and White isn't
worse.}) 24. Nxc4 Qf4 {felt awkward.}) 22. Qg3) 21... h6 22. Qg2 (22. Ng2)
22... Re7 (22... Re6 23. Bc2 Rfe8 24. Bxg6 Rxe3) 23. Nc2 $2 {Now White gets
into trouble. Not only can he not return to e3, but it also takes away c2 from
the bishop.} (23. Bc2 $1 Rfe8 24. Nf5 Rxe1+ 25. Nxe1 Qe6 26. Qf1 $1 (26. Qf2
Ng4) 26... Bb5 27. Bd3) 23... Rfe8 24. Nb4 (24. Rxe7 Rxe7 25. Re1 Qc7 {This is
White's problem, the a5 pawn is stranded.}) 24... Bb5 25. Rxe7 Rxe7 26. Bd1 {
There were no good moves left, but this makes things worse.} (26. Re1 Rxe1+ 27.
Nxe1 Ne7 28. Nec2 Qd8 29. Qf3 (29. Ne3 Qxa5 30. h3 Qa1+ 31. Kh2 Qe1 32. Nexd5
Nexd5 33. Nxd5 Ne4 {and Nd2}) 29... Be8 30. Ne3 Qxa5 31. Qd1 {keeps the game
going albeit a pawn down.}) (26. Bc2 Re2 27. Qh3 Ne4 28. Qc8+ Nf8 29. Bxe4 dxe4
30. Nh4 g6 {White is just lost here.}) 26... h5 27. Qh3 {Around here,
Mamedyarov started to run down his time looking for a forced win.} (27. Nc2 h4
28. Nxh4 Nxh4 29. gxh4 Qf4 30. Bf3 (30. h5 Ne4 {and White is helpless.}) 30...
Ne4 31. Re1 Qxh4 32. Bxe4 dxe4) 27... Bd7 28. Qg2 Bb5 (28... h4 29. Bc2 h3 {
As I looked at my train wreck of a position, I tried not to calculate anything,
but this one came to mind. I assumed there were others.} 30. Qf1 Ne4 31. Bxe4
dxe4 32. Ng5 (32. Nd2 e3) 32... Qf6 $1 $19) 29. Qh3 h4 30. Bc2 hxg3 (30... Re3
$1 31. Nxh4 Nxh4 32. Qxh4 g6 33. Qf4 Qe6 {and White has no moves left. Though
looking at it without an engine, it isn't obvious that White is lost and
Mamedyarov was short of time already.}) 31. Qxg3 (31. Bxg6 gxh2+ 32. Qxh2 Qxh2+
33. Kxh2 Re2+ 34. Kg1 fxg6 {By far the best option, but it's lost.}) 31... Nf4
32. Kh1 Re3 33. Rg1 g6 (33... N6h5 34. Qg4 g6 $19) 34. Qf2 Re2 35. Qh4 Ne4 $2 (
35... N6h5 {He had seen this as he pointed it out right away at the press
conference, but decided to play Ne4 since he couldn't see a defence anymore.
He also had only seconds left (we played without increments till move 61).})
36. Bxe4 {I had seen the Qh8 idea, so I didn't hesitate.} dxe4 37. Ne5 (37. Ng5
{I spent a couple of seconds here.} Nh5) 37... Nd3 38. Qh8+ Kxh8 39. Nxf7+ Kh7
{He was really unlucky here, since he walks into the 2nd trick as well, but
it's the best move.} (39... Kg7 40. Nxd6 Bd7 (40... Nf4 41. Nxb5 axb5 42. Rg4
Rf2 43. Nc2 $1 {This saves it.} Nh3 44. Rg3 Rxc2 45. Rxh3 Kf6 46. Rh8 Kg5 47.
Rf8 {and this is fairly simple draw.}) (40... Nxb4 41. Nxb5 axb5 42. cxb4 Kf6
43. Rg2 Re1+ 44. Rg1 Re3 45. Rc1 Rb3 46. Rc5 Rxb4 47. Kg2 Rxb2+ 48. Kg3 $11) (
40... Ne1 $2 41. Nf5+ Kh7 42. Ng3 $18) 41. Rg2 {Not that White's moves are
obvious, but I hope I would have found them if only by elimination.} Nf2+ 42.
Kg1 e3 43. Rg3 Bh3 44. Rxe3 Rxe3 45. Kxf2 Re7) 40. Nxd6 Bd7 $2 {he bashed out
this move, but now we had made the time control. I had enough time to compose
myself and adjust to the new situation (playing for a win was inconceivable
just a few moves ago)} (40... Ne1 $1 {Still the best shot.} 41. Rg3 {So this
would have been the best move.} (41. Nf7 {is a remarkable resource:} Nf3 42.
Ng5+ Kg7 (42... Kh6 43. Nxf3 exf3 44. Rf1 b6 45. axb6 a5 46. b3 axb4 47. c4 Ba6
48. Rxf3 {and now the king is worse on h6, but we have left the human realm of
chess long back.}) 43. Nxf3 exf3 44. Rf1 {Seems like a draw, but there is one
more twist of the comp:} b6 $1 {A completely inhuman line, but there it is.}
45. axb6 (45. b3 bxa5 46. Nd5 a4 (46... Bd3 47. Nf4 Be4 48. Ne6+ Kf6 49. Nc5
Kf5 $19) 47. c4 (47. bxa4 Bc4 $1 48. Nf4 (48. Nb6 Bd3 {and wins.}) 48... Re3
$19) 47... Bd7 48. Rxf3 a3) 45... a5 46. b3 (46. b7 Re8 47. Rxf3 axb4 48. d5
Ba6 49. Re3 Rb8) 46... axb4 47. c4 Ba6 48. Rxf3 Re6 {Now White tries to build
a pawn wall, but isn't in time to do so.} 49. d5 Rxb6 50. Kg1 Bc8 51. Kf2 g5 $1
{Allows Rh6.} 52. Rg3 (52. Ke3 Rh6 53. Rf2 Rh3+ 54. Kd4 Rxb3 55. c5 Rb1 56. Ke5
(56. c6 b3) 56... b3 57. c6 b2 {and this is winning.}) 52... Kf6 53. Ke3 Ra6
54. Kd4 (54. Rg2 Ra3 55. Rb2 {fails due to} Ke5) 54... Ra2 55. Kc5 Rxh2 56.
Kxb4 g4 $19) 41... Bd7 42. Kg1 Nf3+ 43. Kf1 Rxh2 (43... Rxb2 44. Nd5) 44. b3 (
44. Nd5 Bh3+ 45. Rxh3+ Rxh3 46. Nf6+ Kh6 47. Nfxe4 Rh2) 44... Bh3+ 45. Rxh3+
Rxh3 46. Nxe4 {and White is still fighting.}) 41. Nxe4 {[%csl Yd7,Yh7][%cal
Ge4f6] The problem with Kh7 and Bd7.} Bf5 (41... Nxb4 42. Nf6+ Kg7 43. Nxd7 Nd3
44. b3 Nf2+ 45. Kg2) 42. Ng5+ Kh6 43. Nxd3 Bxd3 44. Rg3 Re1+ 45. Kg2 Re2+ 46.
Kg1 Re1+ 47. Kf2 Re2+ 48. Kf3 Rxb2 49. Kf4 {The king belongs on d6 and I am
ready to jettison all my extra material to get there.} Bf5 (49... Bc4 50. Rh3+
Kg7 51. Rh7+ Kf8 52. Rc7 {is hopeless.}) 50. Ke5 $1 Rxh2 (50... Rb5+ 51. d5
Rxa5 52. Nf7+ Kg7 53. Nd6 $18) 51. Nf7+ Kg7 52. Nd6 (52. Nd8 {was even
stronger:} Re2+ 53. Kd6 $18) 52... Re2+ 53. Kd5 Kf6 54. c4 Re7 (54... Ra2 55.
Nxb7 Bc8 56. Kc6) 55. Rf3 Rd7 56. c5 Re7 (56... Kg5) 57. Rf2 Rh7 58. Nxf5 gxf5
59. Kd6 Rh8 60. Rd2 $1 {The final nuance, now it's over.} f4 61. Kc7 Rh7+ (
61... Kf5 62. d5) 62. Kc8 f3 63. d5 {After staring at disaster, 0,5/3 in the
tournament, I got incredibly lucky in this game and was on 50%} 1-0

[Event "Gashimov Memorial 6th"]
[Site "Shamkir"]
[Date "2019.04.04"]
[Round "5"]
[White "Anand, Viswanathan"]
[Black "Giri, Anish"]
[Result "1-0"]
[WhiteElo "2779"]
[BlackElo "2797"]
[Annotator "Anand,V"]
[PlyCount "77"]
[EventDate "2019.03.31"]
[EventType "tourn"]
[EventRounds "9"]
[EventCountry "AZE"]
[EventCategory "22"]
[SourceTitle "CBM 190"]
[Source "ChessBase"]
[SourceDate "2019.06.30"]
[SourceVersion "1"]
[SourceVersionDate "2019.06.30"]
[SourceQuality "1"]

1. e4 e5 2. Nf3 Nc6 3. Bb5 Nf6 4. d3 Bc5 5. c3 O-O 6. Nbd2 Re8 {With an an
early Nbd2, White is somewhat inflexible against this move as opposed to d6 or
d5.} 7. O-O a6 8. Bxc6 dxc6 9. Nc4 Nd7 10. Re1 (10. b4 Bd6) (10. d4 exd4 11.
cxd4 Ba7) 10... Bf8 11. d4 exd4 12. cxd4 Nb6 (12... c5 13. Bg5 $5 (13. d5 b5
14. Na5 Qf6 {was Andriasian-Pashikian.})) 13. Nxb6 $2 {Simply a misjudgement.
This offers White nothing.} (13. Nce5 $1 {was more precise.}) 13... cxb6 14. h3
b5 15. Bf4 Be6 16. Re3 f6 17. b3 Qd7 (17... Bf7 $1 {was simple. Black just
goes a5-a4.} 18. Qc2 (18. Rc1 Qd7 19. d5 {Here Black has a few intermezzos:}
Ba3 20. Rc2 cxd5 21. e5 Qf5 22. Bg3 Rac8 23. Nd4 Rxc2 $1 24. Nxf5 Rc1 25. Qxc1
Bxc1 26. Re1 Bb2 $17) 18... a5 19. Rd1 Qd7 {, and now probably White should
bail out with} 20. d5 cxd5 21. exd5 Rxe3 22. fxe3 Bxd5 23. Qd2 Rd8 24. Qxa5 $11
) (17... a5 18. Rc1 Bf7 19. d5 cxd5 20. e5 {and blockading on d4.}) 18. Qc2
Rad8 $6 {The wrong plan, Black should have gone for a5 as before.} 19. Rd1 Qf7
20. Bg3 {So far, Black has no problems whatsoever.} Qh5 $2 {The first mistake
and indicative of Anish's form in the event.} (20... a5 {and even returning to
a8 was ok.}) 21. Bc7 {I saw this at once, but took a while playing it. Anish
asked me after the game why I didn't play it immediately. It looked too easy
and I was just making sure...} Rd7 $6 {The rook just gets in the way here.} (
21... Rc8 $1 22. Bb6 {This is about equal.} Be7 (22... Bd6 23. Ne1 f5 $1) 23.
Qe2 $11 (23. Ne1 f5)) 22. Bb6 {The Bb6 stabilises White's position, Black
lacks the d8 square and my knight can shift to d3.} Bb4 $2 {White was trying
for his next move anyway and this allows it with tempo.} (22... f5 23. Ne5 {
and Rd7 is in trouble}) 23. Ne1 $1 Bf7 $6 (23... Bd6 24. Nd3 f5 {Black needed
to act fast.} 25. exf5 Qxf5 26. Qe2 Qg6 (26... Rde7 27. Bc5) 27. Bc5 Bf7 28.
Rxe8+ Bxe8 29. Bxd6 Rxd6 30. Re1 $14 {keeps some edge}) 24. Nd3 Bd6 25. Rde1 {
We both felt that Black could no longer stop f4-f5.} Bb8 $6 (25... Qh6 {
puts up more resistance:} 26. e5 (26. Qc3 Bf4) 26... fxe5 27. dxe5 Bf8 28. e6
$1 (28. Bc5 Be6) 28... Rxe6 (28... Bxe6 29. Qe2 $1 Bf7 30. Rxe8 Bxe8 31. Qxe8
Rxd3 32. Bc5 Qf6 33. Be7 $1 Qf5 (33... Qf7 34. Qc8 {wins as well.}) 34. Qb8 $1)
29. Ne5 Rxe5 $8 30. Rxe5 Qd2 $1 31. Qf5 {keeps the pressure, but Black is
quite solid.}) 26. f4 f5 (26... Qh4 {The last chance.} 27. e5 {So this is best.
} (27. Qf2 Qxf2+ 28. Kxf2 Bc7 $1) 27... Bg6 28. Qd2 (28. Rf1 Qh6 29. Qe2 Bxd3
30. Rxd3 f5 {and Qe6}) 28... Bxd3 (28... fxe5 29. Nxe5 Bxe5 30. Rxe5 Rxe5 31.
fxe5 {and White achieves e6.} Rf7 32. e6 Rf5 33. e7 Be8) 29. Rxd3 Rd5 $1 {
and next f5 keeping a light square blockade.} (29... fxe5 {and now White has a
neat trick:} 30. Re4 $1)) 27. Ne5 Bxe5 28. dxe5 {We both had the feeling that
is was basically over, but in fact Black can still defend.} fxe4 (28... Be6 29.
exf5 Bxf5 30. Qf2 Qg6 31. g4 h5 32. Rg3 $1) 29. Qxe4 (29. g4 Qh6 30. Qxe4 Rd2)
29... Rd2 (29... Bg6 30. Qf3 Qxf3 31. Rxf3 {and Black can't blockade the pawns
in time.}) (29... Bd5 30. Qc2 Rf7 31. Rf1 g6 32. Qf2 Qh6 (32... Ref8 33. e6 {
Now this wins.}) 33. Bc5 $1 {First stopping Ref8.} (33. g4 Ref8 $1) 33... Re6
34. g4 $16) 30. R3e2 Bd5 (30... Rxe2 $1 31. Qxe2 (31. Rxe2 Be6 32. Rf2 Bf5 33.
Qd4 Qg6 34. g4 h5 35. Rg2 hxg4 36. hxg4 Bxg4 37. f5 Qxf5 38. Qxg4 Qxg4 39. Rxg4
Rxe5 {is still a hard technical task.}) 31... Qxe2 32. Rxe2 Be6 33. g4 g6 34.
Kg2 $16) 31. Qe3 Rxe2 32. Rxe2 Qf5 33. g4 Qb1+ 34. Kf2 {Now it's over, White
just rolls with f5 and e6.} h5 35. f5 Qh1 (35... h4 36. Bd4 Qh1 37. e6 {wins})
36. Kg3 Re7 37. Bc5 Re8 38. e6 Kh7 39. Qg5 {Here Anish resigned. My first win
against Anish! It also left me on +1 in the event, though that didnt last very
long...} 1-0